Cyclisme: Les francais porteurs du maillot jaune depuis BernardHinault - Statistiques

Statistiques générales
  • Ce quiz a été pris 322 fois
    222 depuis la dernière actualisation
  • Le résultat moyen est 9 sur 27
Statistiques - réponses
Réponse % Correct
Julian ALAPHILIPPE
99%
Romain BARDET
98%
Thomas VOECKLER
93%
Laurent JALABERT
70%
Laurent FIGNON
69%
Tony GALLOPIN
65%
Richard VIRENQUE
64%
Sylvain CHAVANEL
51%
Christophe MOREAU
35%
Bernard HINAULT
31%
Jacky DURAND
30%
Luc LEBLANC
27%
Jean-François BERNARD
25%
Cédric VASSEUR
20%
Charly MOTTET
19%
Cyril DESSEL
18%
François SIMON
18%
Thierry MARIE
16%
Jean-Patrick NAZON
15%
Romain FEUILLU
15%
Pascal LINO
9%
Stéphane HEULOT
8%
Frédéric MONCASSIN
7%
Ronan PENSEC
7%
Laurent DESBIENS
6%
Martial GAYANT
2%
Dominique GAIGNE
1%
Aucun quiz correspondant
Distribution des résultats
% des personnes avec chaque résultat
Percentile par nombre de réponses
Votre historique - résultats
Vous n’avez pas pris ce quiz depuis la dernière actualisation